| Tag |
First Indicator |
Second Indicator |
Subfields |
| LEADER |
00000cam a2200000 a 4500 |
| 001 |
in00000027052 |
| 005 |
20151007055853.0 |
| 008 |
870521s1987 vau 00010 eng |
| 010 |
|
|
|a 87070906
|
| 020 |
|
|
|a 0937925276 (pbk.)
|
| 035 |
|
|
|a (OCoLC)16581205
|
| 035 |
|
|
|9 AAB9499AM
|
| 040 |
|
|
|a DLC
|c DLC
|d TXA
|d UtOrBLW
|
| 043 |
|
|
|a n-us---
|
| 049 |
|
|
|a TXAM
|c [A11668282]
|
| 050 |
0 |
0 |
|a KF4210
|b .H86 1987
|
| 082 |
0 |
|
|a 344.73/0791
|a 347.304791
|2 19
|
| 100 |
1 |
|
|a Hume, Maggie,
|d 1961-
|
| 245 |
1 |
2 |
|a A mandate to educate :
|b the law and handicapped children /
|c Maggie Hume.
|
| 250 |
|
|
|a 1st ed.
|
| 264 |
|
1 |
|a Alexandria, Va. :
|b Capitol Publications,
|c [1987]
|
| 264 |
|
4 |
|c ©1987
|
| 300 |
|
|
|a 117 pages ;
|c 22 cm.
|
| 336 |
|
|
|a text
|b txt
|2 rdacontent
|
| 337 |
|
|
|a unmediated
|b n
|2 rdamedia
|
| 338 |
|
|
|a volume
|b nc
|2 rdacarrier
|
| 500 |
|
|
|a "An Education Research Group report".
|
| 650 |
|
0 |
|a Special education
|x Law and legislation
|z United States.
|
| 650 |
|
0 |
|a Children with disabilities
|x Education
|x Law and legislation
|z United States.
|
| 999 |
|
|
|a MARS
|
| 999 |
f |
f |
|s 141d6685-ae47-3134-b7fc-59b8dc04c353
|i 84c708d0-f4ca-3051-ba99-624ef4c35a9c
|t 0
|
| 952 |
f |
f |
|p ric
|a Texas A&M University
|b Rellis Campus
|c Joint Library Facility
|d Remote Storage
|t 0
|e KF4210 .H86 1987
|h Library of Congress classification
|i unmediated -- volume
|m A14811668282
|
| 998 |
f |
f |
|a KF4210 .H86 1987
|t 0
|l Remote Storage
|